Music Quiz

Random Music or Lyrics Quiz

Clickable Classic Children's Songs Quiz Stats

 Plays Quiz Updated Sep 12, 2014

     
Support Sporcle.
Go Orange.
Score 0/26 Timer 05:00
2 Plays Today
% Correct
London
96.8%
Happy
96.8%
Spout
96.7%
Dream
96.3%
Spider
96.1%
Bingo
95.9%
Jumping
95.8%
Shoulder
95.6%
Railroad
95.4%
Dragon
95.4%
Cloudy
95.2%
Bucket
94.7%
Queen
94.7%
% Correct
Thumb
94.2%
Sunshine
93.8%
Bananas
93.8%
Friend
93.7%
Meatball
93.6%
Gingerbread
93.4%
Monkey
92.8%
Schmidt
92.1%
Dell
91.9%
Macaroni
91.9%
Muffin
91%
Kookaburra
89.1%
Watermelons
87.1%

From the Vault

Alternating Consonants and Vowels

by DesertSpartan

If you're feeling inconsonant, just remember about your vowel movements.
Remove Ads.
Support Sporcle.
Get the best of Sporcle when you Go Orange. This ad-free experience offers more features, more stats, and more fun while also helping to support Sporcle. Thank you for becoming a member.

Show Comments

Extras

Top Quizzes Today


Score Distribution

Your Account Isn't Verified!

In order to create a playlist on Sporcle, you need to verify the email address you used during registration. Go to your Sporcle Settings to finish the process.

Report this User

Report this user for behavior that violates our Community Guidelines.

Details: